Tự học lập kế hoạch và quản lý các dự án với Project 2003 : (dành cho mọi đối tượng)

Enregistré dans:
Détails bibliographiques
Auteur principal: Nguyễn Hoàng Lâm
Format: Livre
Publié: Thống kê 2004
Tags: Ajouter un tag
Pas de tags, Soyez le premier à ajouter un tag!
Thư viện lưu trữ: Mạng thư viện Đại học Đà Nẵng
LEADER 00635nam a2200229 a 4500
001 000028698
003 19366
005 20171030145630.0
008 171030s2004
020 |c 44000 
040 |a LTT 
082 0 |a 005.3  |b NG-L 
100 1 |a Nguyễn Hoàng Lâm 
245 0 0 |a Tự học lập kế hoạch và quản lý các dự án với Project 2003 : (dành cho mọi đối tượng)  |c Nguyễn Hoàng Lâm. 
260 |b Thống kê  |c 2004 
OWN |a LTT 
999 |a From the UDN01 
TYP |a Monograph 
TYP |a Printed language 
980 |a Mạng thư viện Đại học Đà Nẵng